000 02688cam a2200313 4500500
005 20251228055845.0
041 _afre
042 _adc
100 1 0 _aMarzouki, Samira
_eauthor
245 0 0 _aAppui du dispositif ULIS à la scolarité en collège de l’élève dit « en situation de handicap »
260 _c2020.
500 _a95
520 _aL’ ulis est un dispositif ouvert qui accueille des élèves dits « en situation de handicap » et scolarisés dans différentes classes de leur établissement scolaire pour leur permettre de poursuivre une scolarité adaptée à leurs potentialités et à leurs besoins, ainsi que de préparer leur insertion sociale et professionnelle. Dans l’ ulis collège où j’exerce en tant que coordonnatrice pour la septième année, le travail mené pour accompagner mes élèves porte, en particulier, sur deux axes complémentaires : conforter l’appartenance des élèves orientés en ulis à leur classe et à leur établissement en soutenant leur participation à toutes les activités qui y sont proposées ; mettre en œuvre les aménagements et adaptations pédagogiques répondant à leurs besoins éducatifs particuliers. Pour mener à bien toutes ces actions, l’ ulis prend appui sur un important travail de coordination et d’équipe avec tout le personnel de l’établissement et tous ses partenaires.
520 _aThe ulis system is an open program for disabled students, who are placed in different classes in their school to allow them to pursue an education adapted to their potential and their needs, preparing them for social and professional integration. In the ulis collège (middle school) where I have worked as a director for the last seven years, there are two complementary dimensions of our support for students: strengthening the belonging of ulis students in their classes and their school by supporting their participation in all activities offered to them, and adjusting and adapting educational approaches to respond to their individual needs. To achieve this, the ulis relies on a substantial degree of teamwork and coordination between the school’s staff and its partners.
690 _aappartenance
690 _acoordination
690 _adispositif ouvert
690 _ahandicap
690 _aparticipation
690 _apotentialités
690 _abelonging
690 _acoordination
690 _adisability
690 _aopen system
690 _aparticipation
690 _apotential
786 0 _nEmpan | 117 | 1 | 2020-03-02 | p. 45-51 | 1152-3336
856 4 1 _uhttps://shs.cairn.info/revue-empan-2020-1-page-45?lang=fr&redirect-ssocas=7080
999 _c1586561
_d1586561